Krisis pemikiran moden : (Record no. 393)

000 -LEADER
fixed length control field nam a22 a 4500
003 - CONTROL NUMBER IDENTIFIER
control field AKMAL
005 - DATE AND TIME OF LATEST TRANSACTION
control field 20170503154504.0
008 - FIXED-LENGTH DATA ELEMENTS--GENERAL INFORMATION
fixed length control field 170503s1996 my 00 may d
020 ## - INTERNATIONAL STANDARD BOOK NUMBER
International Standard Book Number 9676901423 (kkt.) :
Terms of availability RM7.00
040 ## - CATALOGING SOURCE
Original cataloging agency AKMAL
082 04 - DEWEY DECIMAL CLASSIFICATION NUMBER
Classification number 128.3 ALW
090 ## - LOCALLY ASSIGNED LC-TYPE CALL NUMBER (OCLC); LOCAL CALL NUMBER (RLIN)
Classification number (OCLC) (R) ; Classification number, CALL (RLIN) (NR) 128.3
Local cutter number (OCLC) ; Book number/undivided call number, CALL (RLIN) ALW
100 1# - MAIN ENTRY--PERSONAL NAME
Personal name Al 'Alwani, Taha Jabir
9 (RLIN) 892
245 10 - TITLE STATEMENT
Title Krisis pemikiran moden :
Remainder of title diagnosis dan cara pemulihan /
Statement of responsibility, etc. oleh Taha Jabir Al-Alwan ; alihbahasa Muhammad Firdaus
260 ## - PUBLICATION, DISTRIBUTION, ETC.
Place of publication, distribution, etc. Batu Caves :
Name of publisher, distributor, etc. Thinkers Library Sdn.Bhd.,
Date of publication, distribution, etc. 1996
300 ## - PHYSICAL DESCRIPTION
Extent vii, 54ms. ;
Dimensions 22cm.
500 ## - GENERAL NOTE
General note Mengandungi ayat-ayat dari Quran
500 ## - GENERAL NOTE
General note Judul asli: Al Azmatu al-Fikriyyah Al-Mu'ashirah Tasykhish wa Muqtarahatu al-Ilaj
650 ## - SUBJECT ADDED ENTRY--TOPICAL TERM
Topical term or geographic name entry element Pillars of Islam
9 (RLIN) 893
650 ## - SUBJECT ADDED ENTRY--TOPICAL TERM
Topical term or geographic name entry element Islam
General subdivision Doctrines
9 (RLIN) 894
700 0# - ADDED ENTRY--PERSONAL NAME
Personal name Muhammad Firdaus
9 (RLIN) 895
942 ## - ADDED ENTRY ELEMENTS (KOHA)
Source of classification or shelving scheme
Koha item type Book
Holdings
Withdrawn status Lost status Source of classification or shelving scheme Damaged status Not for loan Collection code Home library Current library Shelving location Date acquired Inventory number Total Checkouts Full call number Barcode Date last seen Price effective from Koha item type
          NON-FICTION AKMAL Melaka AKMAL Melaka PINJAMAN 03.05.2017 00310   128.3 ALW 201701301 03.05.2017 03.05.2017 Book
Pusat Sumber Maklumat Dato' Haji Sarmin Md Hussin, Akademi Kastam Diraja Malaysia, Melaka
Tel: 06-2331106 | Faks: 06-2313787